<?xml version="1.0" encoding="UTF-8"?>
<record
    xmlns:xsi="http://www.w3.org/2001/XMLSchema-instance"
    xsi:schemaLocation="http://www.loc.gov/MARC21/slim http://www.loc.gov/standards/marcxml/schema/MARC21slim.xsd"
    xmlns="http://www.loc.gov/MARC21/slim">

  <leader>01152nam a2200193 a 4500</leader>
  <controlfield tag="008">180205e1994    ag ||||| |||| 00| 0 spa d</controlfield>
  <datafield tag="020" ind1=" " ind2=" ">
    <subfield code="a">9500414538</subfield>
  </datafield>
  <datafield tag="092" ind1=" " ind2=" ">
    <subfield code="c">155.418</subfield>
    <subfield code="l">6</subfield>
    <subfield code="s">BAR</subfield>
  </datafield>
  <datafield tag="100" ind1="1" ind2=" ">
    <subfield code="a">Barylko, Jaime</subfield>
    <subfield code="9">3170</subfield>
  </datafield>
  <datafield tag="245" ind1=" " ind2=" ">
    <subfield code="a">Sabidur&#xED;a de la vida /</subfield>
    <subfield code="c">Jaime Barylko</subfield>
  </datafield>
  <datafield tag="250" ind1=" " ind2=" ">
    <subfield code="a">1a ed.</subfield>
  </datafield>
  <datafield tag="260" ind1=" " ind2=" ">
    <subfield code="a">Buenos Aires:</subfield>
    <subfield code="b">EMECE;</subfield>
    <subfield code="c">1994.</subfield>
  </datafield>
  <datafield tag="300" ind1=" " ind2=" ">
    <subfield code="a">389 p.</subfield>
  </datafield>
  <datafield tag="500" ind1=" " ind2=" ">
    <subfield code="a">Barylko, J. (1994) Sabidur&#xED;a de la vida. (1a ed.). Buenos Aires : Emec&#xE9;.</subfield>
  </datafield>
  <datafield tag="505" ind1=" " ind2=" ">
    <subfield code="a">Mientras busco el bienestar me pregunto c&#xF3;mo hago para estar bien. No es lo mismo. Tambi&#xE9;n sabemos decir amor, &#xA1;pero qu&#xE9; dif&#xED;cil resultar! Estamos tan llenos de saber que no nos queda lugar para el sabor. Sabor, eso es sabidur&#xED;a de la vida. Porque para los dem&#xE1;s saberes, hay expertos. Pero de la vida, de la tuya, de la felicidad tan ansiada, de eso s&#xF3;lo puede haber sabidur&#xED;a, reflexi&#xF3;n del sabor. Y est&#xE1; a su alcance, a tu mano. D&#xE1;mela. No pretendo marcarte el camino sino tan s&#xF3;lo inspirarte, darte un envi&#xF3;n. Yo lo recib&#xED; alguna vez, y siento el deber de transmitirlo. </subfield>
  </datafield>
  <datafield tag="590" ind1=" " ind2=" ">
    <subfield code="a">DONACION MARIA VITARELI DIC/2017</subfield>
  </datafield>
  <datafield tag="655" ind1=" " ind2=" ">
    <subfield code="a">Literatura</subfield>
    <subfield code="9">2917</subfield>
  </datafield>
  <datafield tag="942" ind1=" " ind2=" ">
    <subfield code="2">ddc</subfield>
    <subfield code="c">LIT</subfield>
  </datafield>
  <datafield tag="999" ind1=" " ind2=" ">
    <subfield code="c">2625</subfield>
    <subfield code="d">2625</subfield>
  </datafield>
  <datafield tag="952" ind1=" " ind2=" ">
    <subfield code="0">0</subfield>
    <subfield code="1">0</subfield>
    <subfield code="2">ddc</subfield>
    <subfield code="4">0</subfield>
    <subfield code="7">0</subfield>
    <subfield code="a">BFM</subfield>
    <subfield code="b">BFM</subfield>
    <subfield code="c">CR</subfield>
    <subfield code="d">2018-02-05</subfield>
    <subfield code="e">Donacion</subfield>
    <subfield code="l">1</subfield>
    <subfield code="m">2</subfield>
    <subfield code="o">155.418 6 BAR</subfield>
    <subfield code="p">4149</subfield>
    <subfield code="r">2022-08-11</subfield>
    <subfield code="s">2022-04-28</subfield>
    <subfield code="t">Ej.1</subfield>
    <subfield code="w">2018-02-05</subfield>
    <subfield code="y">LIT</subfield>
    <subfield code="z">Donacion Maria Vitareli. Dic/2017</subfield>
  </datafield>
</record>
